Почему он нас уничтожал? Сталин и украинский Голодомор (Запис № 336934)

МАРК-запис
000 -Лідер
fixed length control field 00937nam a22002657a 4500
001 - Контрольний номер
control field 50846
003 - Ідентифікатор контрольного номера
control field UA-OsUOA
005 - Дата та час останнього входження (трансакції)
control field 20250602162521.0
007 - Фіксоване поле фізичного опису
fixed length control field ta
008 - Елементи даних фіксованої довжини – загальна інформація
fixed length control field 20071126b un ||||| |||| 00| 0 ukr d
020 ## - Міжнародний стандартний книжковий номер (ISBN)
Міжнародний стандартний книжковий номер (ISBN) (НП) 9789668152115
040 ## - Джерело каталогізації
Агенція оригінальної каталогізації UA-OsUOA
Мова каталогізації rus
Агенція, яка здійснювала перезапис UA-OsUOA
Агенція, яка здійснювала модифікацію UA-OsUOA
041 ## - Код мови
Код мови тексту/ звукової доріжки чи окремого заголовка (П) rus
080 ## - Індекс Універсальної десяткової класифікації
Індекс Універсальної десяткової класифікації (УДК) (НП) 94(477):314.1"19"
090 ## - Локальний шифр розміщення
Класифікаційний індекс УДК 94(477):314.1"19"
Авторський знак (НП) П65
100 ## - Основне введення – ім’я особи
Ім’я особи (НП) Кульчицкий С.
9 (RLIN) 20043
245 ## - Відомості про назву
Назва (НП) Почему он нас уничтожал? Сталин и украинский Голодомор
Дані про відповідальність (НП) С. Кульчицкий ; под общ. ред. Ларисы Ившиной
260 ## - Публікація, розповсюдження і т.п. (Вихідні дані)
Місце публікації, розповсюдження і т.п. (П) К.
Ім’я/ наймення видавництва, розповсюджувача і т.п. (П) Украинская пресс-группа
Дата публікації, розповсюдження і т.п. (П) 2007
300 ## - Фізичний опис
Обсяг 208 с.
650 #7 - Додаткове предметне введення – тематичний термін
Тематичний термін чи географічна назва, як елемент введення (НП) 94(477) Історія України
Джерело заголовка чи терміна UDC
700 1# - Додаткове введення – ім'я особи
Ім’я особи (НП) Ившина Л.
Термін відношення ред.
9 (RLIN) 20044
942 ## - Додаткові елементи входу (Коха)
Тип елемента Koha Книги
Source of classification or shelving scheme Universal Decimal Classification
955 ## - Код типу видання за змістом
Код типу видання за змістом (НП) Науково-популярні видання
Фонди
Стан вилучень Стан втрат Джерело класифікації або схеми стелажів Стан уражень Не для кредиту Код колекції Постійне місце розташування Поточне розміщення Дата придбання Джерело придбання Вартість, звичайна ціна покупки Інвентарний номер Усього замовленно Штрих-код Дата останнього перегляду Ціна ефективна від Тип елемента Koha Повний номер виклику Вартість, ціна заміни
    Universal Decimal Classification     Колекція Кралюка П.М. ЧЗ - Читальна зала ЧЗ - Читальна зала 26/11/2007 202 8.00 109559   109559 06/02/2022 26/11/2007 Книги    
    Universal Decimal Classification     Колекція Пасічника І.Д. ЧЗ - Читальна зала ЧЗ - Читальна зала 07/05/2025 №30/06.05.2025 20.00     168568 07/05/2025 07/05/2025 Книги 94(477):314.1"19" П65 20.00